| 000 | 00537cam a2200193ua 4500 | ||
|---|---|---|---|
| 001 | 1895 | ||
| 008 | 110811n ii |||gr||||Z||||||eng | ||
| 020 | _a0-07-460366-3 | ||
| 040 | _cMAIN | ||
| 082 | _a302.35 | ||
| 100 |
_aSekaran, Uma, _eAuthor. |
||
| 245 | 1 |
_aOrganisational behaviour text and cases _cby Uma Sekaran |
|
| 250 | _a1st. | ||
| 260 |
_aNew Delhi: _bTata mcgraw hill publishing company ltd.,989. |
||
| 300 |
_axiii; 269p: _c23cm. |
||
| 653 | _aEducation | ||
| 653 | _aOrganisational behaviour text and cases | ||
| 942 | _cBK | ||
| 999 |
_c1770 _d1770 |
||